Fixed charge receivers. (Record no. 61343)
[ view plain ]
| 000 -LEADER | |
|---|---|
| fixed length control field | 00839cam a2200169 4500 |
| 001 - CONTROL NUMBER | |
| control field | WB3528-51 |
| 008 - FIXED-LENGTH DATA ELEMENTS--GENERAL INFORMATION | |
| fixed length control field | 000000n1999 000 0 eng u |
| 035 ## - SYSTEM CONTROL NUMBER | |
| System control number | (Sirsi) u102318 |
| 245 ## - TITLE STATEMENT | |
| Title | Fixed charge receivers. |
| 260 ## - PUBLICATION, DISTRIBUTION, ETC. | |
| Date of publication, distribution, etc. | 1999 |
| 490 ## - SERIES STATEMENT | |
| Series statement | CSM |
| -- | Chartered Surveyor Monthly |
| Volume/sequential designation | 8(11/12) July/August 1999, 10(1) |
| 520 ## - SUMMARY, ETC. | |
| Summary, etc. | The RICS and the Insolvency Practitioners Association (IPA) have launched a voluntary regulation scheme for fixed charge receivers. The scheme will be regulated by a contract between the individual and the RICS which will issue annual certificates. There will be an additional CPD obligation, and from January 2001 applicants will need to pass an approved examination. |
| 650 ## - SUBJECT ADDED ENTRY--TOPICAL TERM | |
| Topical term or geographic name entry element | Insolvency |
| 9 (RLIN) | 6247 |
| 650 ## - SUBJECT ADDED ENTRY--TOPICAL TERM | |
| Topical term or geographic name entry element | RECEIVERSHIP |
| 690 ## - LOCAL SUBJECT ADDED ENTRY--TOPICAL TERM (OCLC, RLIN) | |
| Topical term or geographic name as entry element | MANAGEMENT-BUSINESS MANAGEMENT-PROFESSIONAL PRACTICE |
| 942 ## - ADDED ENTRY ELEMENTS (KOHA) | |
| Suppress in OPAC | 0 |
| Withdrawn status | Lost status | Source of classification or shelving scheme | Damaged status | Not for loan | Home library | Current library | Shelving location | Date acquired | Total Checkouts | Full call number | Barcode | Date last seen | Copy number | Price effective from | Koha item type |
|---|---|---|---|---|---|---|---|---|---|---|---|---|---|---|---|
| Dewey Decimal Classification | London | London | News article | 19/11/1999 | WB3528-51 | 102318-1001 | 06/08/2019 | 1 | 06/08/2019 | News article |